00689 a2200181 4500999001500000010001400015020002200029035001300051037001500064082001100079100001800090245008100108260007200189270008100261300002500342942003000367952011000397 c5449d5449 aENG-86857 a8179940446c50.00 aEN-70390 bDBAD / PUB14a220.211 aKashyap, R.L.1 aHymns on creation and death :cby R.L. Kashyapbin the veda and upanishads / aBangalorebSri Aurobindo Kapali Sastry Inst. of Vedic Culturec2005 a63, 13th Main, 4th Block East, JayanagarbBangaloree560 011minfo@vedah.com avii, 85pc22cm (Pbk) adplcEN2ddch220.21mKAS 001040718NFICaDBADbDBADeDBAD/PUBg50.00l0o220.21 KASpEN-70390r2008-09-15 00:00:00t1v50.00yEN